| 000 | 01655nam0a2200373 4500 | ||
|---|---|---|---|
| 001 | RU\NLR\bibl\137862 | ||
| 005 | 20250618043658.0 | ||
| 010 |
_a5-89368-203-3 _9200 |
||
| 021 |
_aRU _b2000-46463 _92139 |
||
| 035 | _a(NLR Aleph) 000135038 | ||
| 090 |
_a771911 _c771911 |
||
| 100 | _a20010126d2000 |||y0rusy50 ca | ||
| 101 | 0 | _arus | |
| 102 | _aRU | ||
| 105 | _ay ||||||||| | ||
| 200 | 1 |
_aОсновы социального управления на предприятиях _eУчеб. пособие _e[Для студентов соц. спец.] _fР. Н. Федосова _gМ-во образования Рос. Федерации, Владимир. гос. ун-т |
|
| 210 |
_aВладимир _cВлГУ _d2000 |
||
| 215 |
_a182 с. _d20 |
||
| 320 | _aБиблиогр. в конце разд. | ||
| 606 | 0 |
_aПредприятия _jРуководства, пособия и т.п. для высшей школы _xСоциальное управление _92198056 _3RU\NLR\auth\661320986 |
|
| 606 | 0 |
_aПредприятия _jУчебные издания для высшей школы _xСоциальное управление _92198056 _3RU\NLR\auth\661320986 |
|
| 610 | 0 | _aПредприятия - Социальное управление | |
| 675 |
_a658.012(075.8) _v3 _zrus |
||
| 686 |
_a06.81 _2rugasnti |
||
| 686 |
_a65.290-2я73 _2rubbk |
||
| 686 | _aУ29(2)-21я73 | ||
| 686 | _aС550.373я73 | ||
| 700 | 1 |
_aФедосова _gРаиса Николаевна _4070 |
|
| 801 | 0 |
_aRU _bRKP _c20010126 _gPSBO |
|
| 801 | 1 |
_aRU _bRKP _c20010126 |
|
| 801 | 2 |
_aRU _bNLR _c20010322 _grcr |
|
| 942 | _cBOOK | ||
| 980 | _aNB | ||